La reforma tributaria y la intervención de los contribuyentes (Record no. 117164)

MARC details
000 -LEADER
campo de control de longitud fija 00688nam a2200181 i 4500
001 - NÚMERO DE CONTROL
campo de control 117164
003 - IDENTIFICADOR DE NÚMERO DE CONTROL
campo de control ES-MaACL
005 - FECHA Y HORA DE LA ÚLTIMA TRANSACCIÓN
campo de control 20230906190836.0
007 - CAMPO FIJO DE DESCRIPCIÓN FÍSICA--INFORMACIÓN GENERAL
campo de control de longitud fija t|
008 - DATOS DE LONGITUD FIJA--INFORMACIÓN GENERAL
campo de control de longitud fija 071121s1927 sp r ||||1| spa d
100 0# - ENTRADA PRINCIPAL--NOMBRE DE PERSONA
Nombre de persona Peña y Braña, Luis de la.
9 (RLIN) 90285
245 13 - MENCIÓN DEL TÍTULO
Título La reforma tributaria y la intervención de los contribuyentes
Resto del título : conferencia en la Real Academia de Jurisprudencia y Legislación /
Mención de responsabilidad, etc. Luis de la Peña y Baña.
260 ## - PUBLICACIÓN, DISTRIBUCIÓN, ETC.
Lugar de publicación, distribución, etc. Madrid :
Nombre del editor, distribuidor, etc. Suc. de Rivadeneyra,
Fecha de publicación, distribución, etc. 1927.
300 ## - DESCRIPCIÓN FÍSICA
Extensión 32 p. ;
Dimensiones 18 cm.
594 ## - Nota al título y mención de responsabilidad
Nota al título y mención de responsabilidad Precede al tít.: Publicaciones de la Cámara Oficial de la Propiedad Urbana de Madrid.
852 ## - LOCALIZACIÓN
Ubicación ES-MaACL
Número de control de estantería 1706-F-13
852 ## - LOCALIZACIÓN
Ubicación ES-MaACL
Número de control de estantería 1735-F-10
Holdings
Estatus retirado Estado de pérdida Estado de daño No para préstamo Colección Biblioteca de origen Biblioteca actual Ubicación en estantería Fecha de adquisición Fuente de adquisición Total de préstamos Signatura topográfica completa Código de barras Visto por última vez Precio de reemplazo Tipo de ítem Koha
        Colección de folletos Biblioteca del Ateneo de Madrid Biblioteca del Ateneo de Madrid Depósito folletos 28/07/2016     1735-F-10 1195653 23/02/2023 23/02/2023 Folleto
        Colección de folletos Biblioteca del Ateneo de Madrid Biblioteca del Ateneo de Madrid Depósito folletos 17/01/2008     1706-F-13 1122155 23/02/2023 23/02/2023 Folleto